Je informatika a computer science to isté? Diskusia.
Názor, že stotožnenie "computer science" s informatikou nie je správne. Uvedenie definícií computer science a informatiky potvrdzuje, že tieto dva termíny sa nepovažujú za synonymá. Návrh na uskutočnenie diskusie, ktorá sa stane základom terminológie.
Salvato in:
| Autore principale: | |
|---|---|
| Natura: | Capitolo di libro |
| Lingua: | slovacco |
| Soggetti: | |
| Tags: |
Nessun Tag, puoi essere il primo ad aggiungerne!!
|
MARC
| LEADER | 00000naa a2200000 4500 | ||
|---|---|---|---|
| 001 | r002646 | ||
| 005 | 20220819175231.9 | ||
| 041 | 0 | |a slo | |
| 044 | |a [CS] | ||
| 245 | 1 | 0 | |a Je informatika a computer science to isté? |b Diskusia. |c A. Rabenseifer |
| 520 | |a Názor, že stotožnenie "computer science" s informatikou nie je správne. Uvedenie definícií computer science a informatiky potvrdzuje, že tieto dva termíny sa nepovažujú za synonymá. Návrh na uskutočnenie diskusie, ktorá sa stane základom terminológie. | ||
| 610 | 2 | 0 | |a informatika |
| 610 | 2 | 0 | |a terminológia |
| 610 | 2 | 0 | |a diskusia |
| 610 | 2 | 0 | |a veda |
| 610 | 2 | 0 | |a počítače |
| 100 | 1 | |a Rabenseifer, A. | |